El tiempo de la gente: las cifras de una década de oportunidades y progreso. Chile en los gobiernos de la Concertación
Guardat en:
| Format: | Llibre |
|---|---|
| Idioma: | espanyol |
| Publicat: |
Santiago
Ministerio Secretaría General de Gobierno
1999
|
| Edició: | 1a. ed |
| Matèries: | |
| Etiquetes: |
Afegir etiqueta
Sense etiquetes, Sigues el primer a etiquetar aquest registre!
|
MARC
| LEADER | 00000nam a2200000 a 4500 | ||
|---|---|---|---|
| 001 | UCJ1200 | ||
| 003 | CL-VaPUC | ||
| 008 | 061006e19990000CL |||||||||||||||||spa|d | ||
| 082 | 0 | 4 | |a 338.983 |b TIE |2 21 |
| 245 | 1 | 3 | |a El tiempo de la gente: las cifras de una década de oportunidades y progreso. Chile en los gobiernos de la Concertación |
| 250 | |a 1a. ed | ||
| 300 | |a 81 p | ||
| 942 | |c BK | ||
| 945 | |d 20061006 00:00:00 |a cmena | ||
| 260 | |a Santiago |b Ministerio Secretaría General de Gobierno |c 1999 | ||
| 650 | 0 | |a Desarrollo económico y social |9 256320 | |
| 650 | 0 | |a Política gubernamental |9 262286 | |
| 650 | 0 | |a Igualdad de oportunidades |9 331873 | |
| 650 | 0 | |a Acción social |9 307836 | |
| 583 | |a last modification |c 20061006 00:00:00 |k Rodrigo Vera | ||
| 999 | |c 317861 |d 317859 | ||
| 952 | |0 0 |1 0 |4 0 |6 338_983000000000000_TIE_1999 |7 0 |8 A |9 394889 |a BIBEDU |b BIBEDU |d 2019-11-22 |i 4264983 |o 338.983 TIE 1999 |p 4264983 |r 2019-11-22 |w 2019-11-22 |y BK |k EBA | ||